000 00447nam a2200157Ia 4500
008 210716s2008 xx 000 0 und d
020 _a0195694457
041 _aeng
082 _a658 BHAA
100 _aBhat, Anil;Kumar, Arya.
245 _aManagement: principles processes and practice.
_bPrinciples processes and practice.
250 _a1
260 _aNew Delhi
_bOxford University Press
_c2008
300 _axiv,590
650 _aMANAGEMENT
999 _c202576
_d202576